Jom kenali adab-adab & sunnah Rasulullah SAW

Bibliographic Details
Main Author: Pi Hajjati Jusoh
Format: Book
Published: Selangor : Darul Mughni Trading , 2015
Subjects:

MARC

LEADER 00000cam a2200000 7i4500
001 0000056141
005 20151222.0
008 151207
020 |a 9789670880105 
090 0 0 |a REG   |b MAL 
100 0 |a Pi Hajjati Jusoh 
245 1 0 |a Jom kenali adab-adab & sunnah Rasulullah SAW   |c Pi Hajjati Jusoh; penterjemah: Zainariah Abdul Wahab 
260 |a Selangor :   |b Darul Mughni Trading ,   |c 2015 
300 |a 186pg. ;   |c 20cm. 
500 |a Children ages 10-12 years old (pink) 
650 0 |a Hadith-Miscellanea 
650 0 |a Vocational guidance   |x Juvenile literature 
999 |a 0001371136   |b Book   |c Children Collection   |e Cawangan Pontian 
999 |a 0001371174   |b Book   |c Children Collection   |e Cawangan Muar 
999 |a 0001371175   |b Book   |c Children Collection   |e Cawangan Tmn. Ungku Tun Aminah 
999 |a 0001371176   |b Book   |c Children Collection   |e Cawangan Taman Universiti 
999 |a 0001371177   |b Book   |c Children Collection   |e Cawangan Mersing 
999 |a 0001371178   |b Book   |c Children Collection   |e Cawangan Kota Tinggi 
999 |a 0001371179   |b Book   |c Children Collection   |e Cawangan Bukit Gambir 
999 |a 0001371180   |b Book   |c Children Collection   |e Cawangan Segamat 
999 |a 0001371181   |b Book   |c Children Collection   |e Cawangan Batu Pahat 
999 |a 0001371182   |b Book   |c Children Collection   |e Cawangan Sri Merlong 
999 |a 0001371183   |b Book   |c Children Collection   |e Cawangan Taman Sri Lambak 
999 |a 0001371184   |b Book   |c Teenagers   |e Cawangan Bandar Tenggara 
999 |a 0001371185   |b Book   |c Children Collection   |e Cawangan Bandar Penawar 
999 |a 0001371186   |b Book   |c Children Collection   |e Cawangan Pontian 
999 |a 0001371187   |b Book   |c Children Collection   |e Cawangan Tangkak 
999 |a 0001375054   |b Book   |c Children Collection   |e Perbadanan Perpustakaan Awam Johor 
999 |a 0001375055   |b Book   |c Children Collection   |e Perbadanan Perpustakaan Awam Johor 
999 |a 0001375056   |b Book   |c Children Collection   |e Perbadanan Perpustakaan Awam Johor 
999 |a 0001375057   |b Book   |c Children Collection   |e Cawangan Urban Transformation Centre 
999 |a 0001375058   |b Book   |c Children Collection   |e Cawangan Urban Transformation Centre